000 00540nam a2200193Ia 4500
003 OSt
005 20250829161047.0
008 Pun
037 _cTB
040 _aARTS
_cARTS
_bPun
041 _2Pun
_aPun
084 _aO153,1NPA1x M9
_qAL
100 _aਨਨਕਾਣਵੀ, ਪਾਂਧੀ
_9156369
245 0 _aਇਹ ਚਮਕੌਰ ਹੈ
260 _c1989
650 _aਪੰਜਾਬੀ ਸਾਹਿਤ
942 _hO153,1PA1x M9
_cTB
_2CC
_n0
999 _c384287
_d384287